Statistics for Dennis Farina Filmography

Click here to take the quiz!

General Stats

  • This quiz has been taken 6 times
    (3 since last reset)
  • The average score is 29 of 88

Answer Stats

TypeYearName% Correct
TV Show1986-1988Crime Story
67%
Film1995Get Shorty
67%
TV Show2004-2006Law & Order
67%
TV Show1984, 1985, 1989Miami Vice
67%
Film1988Midnight Run
67%
Film1998Saving Private Ryan
67%
Film2000snatch.
67%
TV Show1985American Playhouse
33%
Film1993Another Stakeout
33%
TV Film1993A Stranger in the Mirror
33%
Film2014Authors Anonymous
33%
TV Film1997Bella Mafia
33%
Film2002Big Trouble
33%
TV Mini-Series1990Blind Faith
33%
TV Film1995Bonanza: Under Attack
33%
Film2008Bottle Shock
33%
TV Show1998Buddy Faro
33%
TV Show1989China Beach
33%
Film1985Code of Silence
33%
TV Mini-Series1992Cruel Doubt
33%
TV Show2012Doc McStuffins
33%
TV Mini-Series1992Drug Wars: The Cocaine Cartel
33%
Film1996Eddie
33%
TV Mini-Series2005Empire Falls
33%
TV Show2014Family Guy
33%
TV Film1985Final Jeopardy
33%
TV Show1985Hardcastle and McCormick
33%
TV Film1984Hard Knox
33%
Film1990Havana
33%
TV Show1985Hunter
33%
TV Show2002-2003In-Laws
33%
TV Show1986Jack and Mike
33%
Film1986Jo Jo Dancer, Your Life Is Calling
33%
TV Show2005Justice League Unlimited
33%
Film2010Knucklehead
33%
TV Show1986Lady Blue
33%
TV Show2005Law & Order: Trial by Jury
33%
Film1994Little Big League
33%
TV Show2011-2012Luck
33%
Film1992Mac
33%
TV Show1985MacGruder and Loud
33%
Film1986Manhunter
33%
Film1990Men of Respect
33%
Film2007National Lampoon's Bag Boy
33%
TV Show2013New Girl
33%
Commercial1991Old Style Beer
33%
TV Film1994One Woman's Courage
33%
TV Film1988Open Admissions
33%
TV Film1995Out of Annie's Past
33%
Film1998Out of Sight
33%
Film2004Paparazzi
33%
TV Film1990People Like Us
33%
TV Film1991Perfect Crimes
33%
Film2000Preston Tylk
33%
Film2000Reindeer Games
33%
TV Show1985Remington Steele
33%
Film1993Romeo Is Bleeding
33%
Short Film2004Scrambled Eggs
33%
Film2001Sidewalks of New York
33%
TV Film1987Six Against the Rock
33%
Film2002Stealing Harvard
33%
Film1992Street Crimes
33%
Film1993Striking Distance
33%
TV Show1992Tales from the Crypt
33%
Film1997That Old Feeling
33%
TV Film1986The Birthday Boy
33%
TV Film1994The Corpse Had a Familiar Face
33%
TV Film1993The Disappearance of Nora
33%
Film2007The Grand
33%
TV Film1984The Impostor
33%
Film2011The Last Rites of Joe May
33%
TV Show2013The Looney Tunes Show
33%
Film1999The Mod Squad
33%
Film1981Thief
33%
TV Film1983Through Naked Eyes
33%
TV Film1986Triplecross
33%
Documentary Series1998-2010Unsolved Mysteries
33%
TV Documentary2006Wait 'Til Next Year: The Saga of the Chicago Cubs
33%
Film2008What Happens in Vegas
33%
Commercial2012Xfinity by Comcast
33%
Film2007You Kill Me
33%
Theater1982A Prayer for My Daughter
0%
Film2014Lucky Stiff
0%
Theater1985Streamers
0%
Documentary1992The American Gangster
0%
TV Film1989The Case of Hillside Stranglers
0%
Theater1984Tracers
0%
Film1992We're Talking Serious Money
0%

Score Distribution

Percentile by Number Answered

Percent of People with Each Score

Your Score History

You have not taken this quiz since the last reset